| 000 | 00518nam a2200157 a 4500 | ||
|---|---|---|---|
| 001 | 000028482 | ||
| 005 | 20200930054952.0 | ||
| 008 | 110408s1993 dr a 000 j spa d | ||
| 040 |
_aDO-SdBNP _bspa _cBNPHU |
||
| 082 |
_axxx _bH557d |
||
| 100 | 1 |
_aHernández, Virgilio _955431 |
|
| 245 | 1 | 0 |
_aDel punto al cuerpo geométrico : _bnarración en verso para niños / _cVirgilio Hernández. |
| 260 |
_aSantiago, República Dominicana : _b[s.n.], _c1993. _f(Impresos F & M) |
||
| 300 |
_a57 p. : _bil. ; _c13 cm. |
||
| 049 | _aBNPD | ||
| 999 |
_c27974 _d27974 |
||